000 00280nam a22001337a 4500
008 170724b xxu||||| |||| 00| 0 eng d
020 _a9780136197195
041 _aeng
080 _a004
100 _a29
101 _aSHKI
245 _aUML AND C++
_cLEE, R.C
942 _2udc
_cBK
999 _c21815
_d21815